Indian Journal of Conservative and Endodontics (Record no. 30224)
[ view plain ]
| 000 -LEADER | |
|---|---|
| fixed length control field | 00222nam a22000977a 4500 |
| 003 - CONTROL NUMBER IDENTIFIER | |
| control field | SGT |
| 245 ## - TITLE STATEMENT | |
| Title | Indian Journal of Conservative and Endodontics |
| 260 ## - PUBLICATION, DISTRIBUTION, ETC. (IMPRINT) | |
| Name of publisher, distributor, etc | IP Publisher |
| Year of Publication | 2019-2020 |
| 300 ## - PAGE DESCRIPTION | |
| No. of Pages | 215,150 |
| 942 ## - ADDED ENTRY ELEMENTS (KOHA) | |
| Source of classification or shelving scheme | Dewey Decimal Classification |
| Koha item type | Back Volumes |
| Withdrawn status | Lost status | Source of classification or shelving scheme | Damaged status | Not for loan | Home library | Current library | Date acquired | Volume Information (Serial or Books or Non-Book Material) | SGTU | Accession No. (Barcode) | Date last seen | Bill Date | Koha item type |
|---|---|---|---|---|---|---|---|---|---|---|---|---|---|
| Dewey Decimal Classification | SGT Dental Library | SGT Dental Library | 06/03/2025 | Vol.5 | SGTU | PD1112 | 06/03/2025 | 06/03/2025 | Back Volumes | ||||
| Dewey Decimal Classification | SGT Dental Library | SGT Dental Library | 06/03/2025 | Vol.4 | SGTU | PD1113 | 06/03/2025 | 06/03/2025 | Back Volumes |